| 000 | 00668cab a2200205 4500 | ||
|---|---|---|---|
| 001 | WB3015-20 | ||
| 008 | 090401t1994 xxu||||| |||| 00| 0 eng d | ||
| 035 | _a(Sirsi) u30271 | ||
| 041 | _aeng | ||
| 245 | _aDiscount stores cost more than bargained | ||
| 260 | _c1994 | ||
| 350 | _a0 | ||
| 490 |
_aFinancial Times _v19 April 1994, 19(1) |
||
| 520 | _aA plan backed by Rewe, one of Germany`s largest food retailer to open discount stores in the south-east of England has proved more expensive than anticipated. | ||
| 650 | _aBUDGENS | ||
| 650 | _aDISCOUNT STORES | ||
| 690 | _aPROPERTY-COMMERCIAL PROPERTY-RETAIL PROPERTY | ||
| 942 | _n0 | ||
| 948 | _c04/03/1997 | ||
| 999 |
_c20395 _d20395 |
||